00667nam a2200229Ia 4500003000900000008004100009040001300050040001300063041000800076100002000084100000900104245003700113250000900150260002100159260000900180300000800189490000900197490000900206942000700215999001700222952019800239IT-RoPAU120407s9999 xx 000 0 und d aIT-RoPAU cIT-RoPAU aita aGaspar Lefebvre cosb. aLo Spirito Santo nella Liturgia. aRoma aEdizioni Paoline c1959 c cm aEcuo v1107 cBK c23854d23854 00102ddc406208_21107000000000071aPAULUSbPAULUSd2012-04-11l0o208.21107r2012-04-11 00:00:00w2012-04-11yBKzInserito da: Jole In data: 30 luglio 2011 fondo: Via A.Severo 56 Progr:24932